Podnikáme bez krachu a strachu

Salvato in:
Dettagli Bibliografici
Autore principale: Krejčí, Jana
Natura: Libro
Lingua:ceco
Pubblicazione: Praha PROFESS 1991
Edizione:1. vyd.
Tags: Aggiungi Tag
Nessun Tag, puoi essere il primo ad aggiungerne!!

MARC

LEADER 00000nam a2200000 4500
001 c024252
005 20250610094347.5
041 0 |a cze 
044 |a CZ 
245 1 0 |a Podnikáme bez krachu a strachu  |c Jana Krejčí 
250 |a 1. vyd. 
264 1 |a Praha  |b PROFESS  |c 1991 
300 |a 78 s. 
100 1 |a Krejčí, Jana